[Event "Match"]
[Site "www.echecsemail.com"]
[Date "2018.07.14"]
[Round "1"]
[White "Joseph1983"]
[Black "Witpar"]
[WhiteElo "2160"]
[BlackElo "2690"]
[Result "0-1"]
[Round "1"]
1.d4 Ng8f6
2.c4 g6
3.Nb1c3 Bf8g7
4.e4 d6
5.f4 O-O
6.Ng1f3 Nb8a6
7.Bf1d3 e5
8.fxe5 dxe5
9.d5 Na6c5
10.b4 Nc5xd3
11.Qd1xd3 Nf6h5
12.O-O Nh5f4
13.Bc1xf4 exf4
14.Ra1e1 Rf8e8
15.Nc3e2 Bg7f8
16.a3 a5
17.c5 b6
18.Re1c1 axb4
19.axb4 bxc5
20.bxc5 Bc8a6
21.Qd3c2 Bf8xc5
22.Qc2xc5 Ba6xe2
23.Rf1f2 Re8xe4
24.Nf3d2 Re4e5
25.Qc5xc7 Qd8xc7
26.Rc1xc7 Ra8a1
27.Nd2f1 Be2a6
{ resign }
0-1

[Event "Tourn. n9859"]
[Site "www.echecsemail.com"]
[Date "2018.07.14"]
[Round "1"]
[White "Gegonz"]
[Black "Tarasch"]
[WhiteElo "2170"]
[BlackElo "2130"]
[Result "1/2-1/2"]
[Round "1"]
1.d4 Ng8f6
2.c4 g6
3.Nb1c3 d5
4.cxd5 Nf6xd5
5.e4 Nd5xc3
6.bxc3 Bf8g7
7.Ng1f3 c5
8.Bc1e3 Bc8g4
9.Ra1b1 Nb8c6
10.Rb1xb7 O-O
11.Bf1e2 Bg4xf3
12.Be2xf3 cxd4
13.cxd4 Nc6xd4
14.O-O { draw }
1/2-1/2

[Event "Tourn. n9833"]
[Site "www.echecsemail.com"]
[Date "2018.07.14"]
[Round "1"]
[White "Cal"]
[Black "Jjmcbride"]
[WhiteElo "1690"]
[BlackElo "1660"]
[Result "1-0"]
[Round "1"]
1.c4 c5
2.Nb1c3 Ng8f6
3.d3 a6
4.Bc1f4 d6
5.h3 e5
6.Bf4g5 Nb8d7
7.Bg5xf6 Nd7xf6
8.Ng1f3 h6
9.e4 Bf8e7
10.Bf1e2 O-O
11.O-O Nf6h5
12.Nf3h2 Bc8e6
13.Be2xh5 f5
14.a3 f4
15.Qd1f3 Rf8f6
16.b3 g6
17.Bh5g4 h5
18.Bg4xe6 Rf6xe6
19.Rf1d1 b5
20.cxb5 axb5
21.Nc3xb5 Qd8d7
22.a4  { time }
1-0

[Event "Match"]
[Site "www.echecsemail.com"]
[Date "2018.07.14"]
[Round "1"]
[White "Tonino1"]
[Black "Comrade"]
[WhiteElo "2130"]
[BlackElo "2310"]
[Result "1-0"]
[Round "1"]
1.d4 d5
2.f4 e6
3.e3 Ng8f6
4.Bf1d3 c5
5.c3 Nb8c6
6.Ng1f3 cxd4
7.exd4 Bf8d6
8.O-O Nf6e4
9.Nb1d2 f5
10.Nf3e5 O-O
11.Nd2f3 Bd6xe5
12.fxe5 Bc8d7
13.Qd1e2 Bd7e8
14.Bd3xe4 fxe4
15.Nf3g5 Rf8xf1
16.Qe2xf1 Be8d7
17.Qf1f7 Kh8
18.Ng5xe6 Bd7xe6
19.Qf7xe6 Qd8g8
20.Qe6xg8 Kxg8
21.Bc1e3 Ra8f8
22.Ra1f1 h6
23.Rf1xf8 Kxf8
24.Kf2 b5
25.b3 Kf7
26.g4 Nc6e7
27.h4 Kg6
28.h5 Kf7
29.Ke2 a5
30.a3 Ke6
31.Kd2 Ne7c6
32.c4 bxc4
33.bxc4 dxc4
34.Kc3 Kd5
35.e6 Nc6e7
36.g5  { time }
1-0

[Event "1/32 Finale"]
[Site "www.chess-mail.com"]
[Date "2018.07.14"]
[Round "1"]
[White "Danquigley"]
[Black "Llord"]
[WhiteElo "2610"]
[BlackElo "1940"]
[Result "1-0"]
[Round "1"]
1.c4 e5
2.g3 Ng8f6
3.Bf1g2 Nb8c6
4.Nb1c3 Bf8b4
5.Nc3d5 Nf6xd5
6.cxd5 Nc6d4
7.e3 Nd4b5
8.Qd1a4 Bb4xd2
9.Bc1xd2 a6
10.Qa4c2 O-O
11.Ra1c1 c6
12.a4 Nb5d6
13.Bd2b4 Qd8f6
14.Ng1e2 Rf8e8
15.O-O a5
16.Bb4a3 e4
17.Rf1d1 cxd5
18.Ne2f4 Nd6c4
19.Nf4xd5 Qf6e6
20.Qc2xc4 b6
21.Qc4xe4 Qe6xe4
22.Bg2xe4 Re8xe4
23.Nd5xb6 Ra8b8
24.Ba3d6 { resign }
1-0

[Event "Tourn. n9797"]
[Site "www.chess-mail.com"]
[Date "2018.07.15"]
[Round "1"]
[White "Juheset"]
[Black "Jjmcbride"]
[WhiteElo "1809"]
[BlackElo "1730"]
[Result "1-0"]
[Round "1"]
1.e4 e5
2.Bf1c4 Ng8f6
3.Ng1f3 Nf6xe4
4.Nf3xe5 d5
5.Qd1f3 Bc8f5
6.Qf3xf5 Ne4d6
7.Qf5f4 dxc4
8.Qf4e3 Bf8e7
9.Qe3c3 Be7f6
10.O-O O-O
11.Rf1e1 Rf8e8
12.f4 Nb8d7
13.d4 Nd7b6
14.Nb1a3 Nb6d5
15.Qc3f3 Nd6f5
16.Na3xc4 Nf5xd4
17.Qf3d3 Nd5b4
18.Qd3e4 Nb4xc2
19.Re1d1 c5
20.Rd1xd4 cxd4
21.Qe4xc2 Qd8c7
22.Qc2f2 Ra8d8
23.Bc1d2 b5
24.Bd2a5 Qc7c8
25.Ba5xd8 Re8xd8
26.Nc4a5 Bf6xe5
27.fxe5 d3
28.Qf2d2 Qc8c5
29.Kh1  { time }
1-0

[Event "Tourn. n9885"]
[Site "www.echecsemail.com"]
[Date "2018.07.15"]
[Round "1"]
[White "Fantomas"]
[Black "Alekpax"]
[WhiteElo "2140"]
[BlackElo "2310"]
[Result "0-1"]
[Round "1"]
1.e4 e5
2.Ng1f3 Nb8c6
3.Bf1b5 Ng8f6
4.Nb1c3 Bf8b4
5.O-O O-O
6.Rf1e1 Rf8e8
7.a3 Bb4xc3
8.dxc3 h6
9.Bb5c4 d6
10.h3 Bc8e6
11.Bc4d3 d5
12.Nf3d2 Nf6xe4
13.Nd2xe4 dxe4
14.Bd3xe4 Qd8xd1
15.Re1xd1 f5
16.Be4f3 f4
17.Bc1d2 Ra8c8
18.Bf3e4 Kf7
19.Rd1e1 Rc8d8
20.Ra1d1 Be6d5
21.Be4xd5 Rd8xd5
22.Bd2c1 Rd5xd1
23.Re1xd1 Kf6
24.Rd1d7 Re8d8
25.Rd7xd8 Nc6xd8
26.f3 b5
27.Kf2 g5
28.Ke2 Nd8e6
29.b4 Ne6g7
30.Bc1d2 Ng7f5
31.Kf2 Ke6
32.Ke2 Kd5
33.Kf2 Kc4
34.Ke2 Nf5g3
35.Kf2 e4
{ resign }
0-1

[Event "Tourn. n9853"]
[Site "www.echecsemail.com"]
[Date "2018.07.15"]
[Round "1"]
[White "Coolant"]
[Black "Tartan"]
[WhiteElo "2390"]
[BlackElo "2510"]
[Result "0-1"]
[Round "1"]
1.Nb1c3 d5
2.d4 Bc8f5
3.f3 Ng8f6
4.g4 Bf5g6
5.g5 Nf6d7
6.Nc3xd5 e6
7.Nd5c3 h6
8.Ng1h3 hxg5
9.Bc1xg5 Bf8e7
10.Bg5f4 c5
11.d5 e5
12.Bf4g3 Qd8b6
13.Ra1b1 Nb8a6
14.e4 c4
15.Bf1xc4 Rh8xh3
16.Qd1e2 Na6c7
17.Bg3f2 Be7c5
18.O-O Bc5xf2
19.Qe2xf2 Rh3xf3
{ resign }
0-1

[Event "Match"]
[Site "www.echecsemail.com"]
[Date "2018.07.15"]
[Round "1"]
[White "Ericleo1980"]
[Black "Hundegana"]
[WhiteElo "2160"]
[BlackElo "2120"]
[Result "0-1"]
[Round "1"]
1.e4 e6
2.d4 c5
3.Ng1f3 Nb8c6
4.d5 exd5
5.exd5 Nc6b4
6.a3 Nb4a6
7.c4 d6
8.h3 Qd8e7
9.Bc1e3 { time. }
0-1

[Event "Match"]
[Site "www.echecsemail.com"]
[Date "2018.07.15"]
[Round "1"]
[White "Jesmantiz"]
[Black "Gidgud"]
[WhiteElo "2210"]
[BlackElo "2029"]
[Result "1-0"]
[Round "1"]
1.d4 Ng8f6
2.e3 e6
3.Bf1d3 d5
4.Nb1d2 Bf8e7
5.a3 O-O
6.f4 c5
7.c3 Nb8c6
8.Ng1f3 c4
9.Bd3c2 a5
10.O-O Be7d6
11.Nf3e5 Bd6xe5
12.fxe5 Nf6d7
13.e4 Qd8b6
14.Kh1 Rf8e8
15.exd5 exd5
16.Qd1f3 Nd7xe5
17.dxe5 Nc6xe5
18.Qf3xd5 Bc8g4
19.Nd2xc4 Ne5xc4
20.Qd5xf7 Kh8
21.Qf7xc4 Bg4e2
22.Qc4h4 h5
23.Rf1e1 { resign }
1-0

[Event "Tourn. n9860"]
[Site "www.echecsemail.com"]
[Date "2018.07.15"]
[Round "1"]
[White "Amaya"]
[Black "Piekki"]
[WhiteElo "2160"]
[BlackElo "2280"]
[Result "0-1"]
[Round "1"]
1.d4 Ng8f6
2.e3 g6
3.Bf1d3 Bf8g7
4.Nb1d2 O-O
5.f4 d5
6.Ng1f3 Bc8g4
7.O-O Nb8d7
8.Qd1e1 c5
9.c3 Bg4f5
10.Bd3xf5 gxf5
11.Nf3e5 Nf6e4
12.Rf1f3 Nd7xe5
13.fxe5 e6
14.Rf3h3 Ne4g5
15.Rh3h5 h6
16.Qe1g3 f6
17.Nd2f3 Kf7
18.Nf3xg5 fxg5
19.dxc5 Qd8c7
20.b4 Bg7xe5
21.Qg3h3 g4
22.Qh3h4 Be5f6
23.Qh4f2 Kg6
24.Rh5xh6 Kxh6
25.e4 Kg6
26.exf5 exf5
27.Qf2d2 Rf8h8
28.g3 Qc7e5
29.Bc1b2 Ra8e8
30.Kf1 Qe5e4
{ resign }
0-1

[Event "Tourn. n9889"]
[Site "www.echecsemail.com"]
[Date "2018.07.15"]
[Round "1"]
[White "Fantomas"]
[Black "Bojan"]
[WhiteElo "2110"]
[BlackElo "2030"]
[Result "0-1"]
[Round "1"]
1.e4 e5
2.Ng1f3 Ng8f6
3.d3 d6
4.h3 h6
5.Nb1c3 Bf8e7
6.Bc1e3 Nb8c6
7.Bf1e2 Bc8e6
8.O-O Nf6h7
9.d4 exd4
10.Nf3xd4 Nc6xd4
11.Be3xd4 O-O
12.Nc3d5 Be7g5
13.f4 Bg5h4
14.Bd4f2 Bh4xf2
15.Rf1xf2 c6
16.Nd5e3 f6
17.Be2g4 Be6f7
18.b3 Qd8b6
19.Qd1e2 Rf8e8
20.Qe2d3 Nh7f8
21.Ne3c4 Bf7xc4
22.Qd3xc4 Kh8
23.Ra1d1 Ra8d8
24.Kf1 Re8e7
25.Qc4d3 Qb6c5
26.Bg4f3 Nf8e6
27.Bf3g4 Qc5a3
28.Bg4xe6 Re7xe6
29.c4 Rd8e8
30.Rd1e1 Qa3a6
31.Rf2e2 Qa6a3
32.Kf2 Qa3c5
33.Kf3 Qc5h5
34.Kf2 Qh5h4
35.Kf3 g5
36.Qd3d2 h5
37.fxg5 fxg5
38.g3 Qh4xh3
39.Qd2xg5 Re8g8
40.Qg5f4 Re6g6
41.Re1g1 Kg7
42.Qf4d2 Rg8f8
43.Ke3 Rg6xg3
44.Rg1xg3 Qh3xg3
45.Kd4 c5
{ resign }
0-1

[Event "Tourn. n9819"]
[Site "www.echecsemail.com"]
[Date "2018.07.15"]
[Round "1"]
[White "Tonino1"]
[Black "Falcoale"]
[WhiteElo "2060"]
[BlackElo "1980"]
[Result "0-1"]
[Round "1"]
1.d4 Ng8f6
2.g4 e6
3.g5 Nf6d5
4.e4 Nd5b6
5.c4 Bf8b4
6.Nb1c3 O-O
7.Bc1e3 d5
8.c5 Nb6c4
9.Bf1xc4 dxc4
10.Qd1c2 Nb8c6
11.O-O-O Qd8e7
12.a3 Bb4xc3
13.Qc2xc3 b5
14.cxb6 cxb6
15.Qc3xc4 Bc8b7
16.Kb1 Nc6a5
17.Qc4d3 Ra8d8
18.f3 Na5c6
19.Ng1e2 Nc6e5
20.Qd3b3 Ne5xf3
21.Ne2g3 Nf3xg5
22.Rh1g1 Ng5xe4
23.Ng3h5 g6
24.Be3h6 Rf8e8
25.Nh5g7 Ne4d6
26.Ng7xe8 Rd8xe8
27.Bh6g5 f6
28.Bg5f4 Bb7d5
29.Qb3g3 Nd6f5
30.Qg3f2 Re8f8
31.Rd1c1 b5
32.Rc1c7 Qe7d8
33.Rg1c1 Nf5xd4
34.Rc7c8 Qd8b6
35.Rc8xf8 Kxf8
36.Qf2e3 e5
37.Bf4g3 Qb6e6
38.Rc1d1 Bd5a2
39.Ka1 Nd4c2
 { time }
0-1

[Event "Tourn. n9843"]
[Site "www.echecsemail.com"]
[Date "2018.07.15"]
[Round "1"]
[White "Conde7"]
[Black "Jose"]
[WhiteElo "2790"]
[BlackElo "2800"]
[Result "1/2-1/2"]
[Round "1"]
1.a3 Ng8f6
2.d4 g6
3.c4 Bf8g7
4.Ng1f3 O-O
5.e3 d5
6.cxd5 Nf6xd5
7.Nb1d2 Rf8e8
8.Bf1e2 Nb8d7
9.Qd1b3 e6
10.O-O c5
11.Rf1d1 cxd4
12.exd4 b6
13.Nd2c4 Nd7f6
14.Rd1e1 Re8e7
15.a4 Re7c7
16.a5 Bc8d7
17.a6 Bd7c6
18.Nc4e5 Ra8c8
19.Ne5xc6 Rc7xc6
20.Nf3e5 Rc6c7
21.Be2f3 Qd8f8
22.Bc1d2 Bg7h6
23.Bd2e3 Rc7c2
24.Re1f1 Bh6g7
25.Ra1a4 Qf8e8
26.Ra4c4 Rc2xc4
27.Ne5xc4 Rc8d8
28.Nc4e5 Rd8c8
29.Be3g5 Rc8c7
30.Bg5xf6 Nd5xf6
{ draw }
1/2-1/2

[Event "Tourn. n9831"]
[Site "www.echecsemail.com"]
[Date "2018.07.15"]
[Round "1"]
[White "Karadayi"]
[Black "Traub"]
[WhiteElo "1479"]
[BlackElo "1550"]
[Result "0-1"]
[Round "1"]
1.c4 e5
2.Nb1c3 Ng8f6
3.e4 c6
4.d3 d5
5.cxd5 cxd5
6.Bc1g5 Bf8e7
7.Ng1f3 d4
8.Bg5xf6 Be7xf6
9.Nc3d5 Nb8c6
10.g3 O-O
11.Bf1g2 Bc8e6
12.Nd5xf6 Qd8xf6
13.O-O Be6g4
14.h3 Bg4xf3
15.Qd1xf3 Qf6xf3
16.Bg2xf3 f5
17.exf5 Rf8xf5
18.Bf3xc6 bxc6
19.g4 Rf5f3
20.Kg2 Rf3xd3
21.Ra1d1 Rd3xd1
 { time }
0-1

[Event "Match"]
[Site "www.echecsemail.com"]
[Date "2018.07.15"]
[Round "1"]
[White "Krystek23"]
[Black "Apdash"]
[WhiteElo "2530"]
[BlackElo "1840"]
[Result "1-0"]
[Round "1"]
1.c4 e5
2.Nb1c3 c6
3.Ng1f3 d6
4.d4 exd4
5.Nf3xd4 Ng8f6
6.e4 a6
7.Bc1f4 Bf8e7
8.Bf1e2 b5
9.a3 Bc8b7
10.Nd4f5 O-O
11.Nf5xe7 Kh8
12.Qd1xd6 Nb8d7
13.Ra1d1 Rf8e8
14.Ne7f5 Re8e6
15.Qd6d2 Qd8a5
16.Nf5d6 Qa5b6
17.e5 Nd7xe5
18.Bf4xe5 { resign }
1-0

[Event "Tourn. n9820"]
[Site "www.echecsemail.com"]
[Date "2018.07.15"]
[Round "1"]
[White "Jaroslavpech"]
[Black "Ejner"]
[WhiteElo "2480"]
[BlackElo "2430"]
[Result "0-1"]
[Round "1"]
1.e4 Nb8c6
2.d4 d5
3.e5 Bc8f5
4.c3 Qd8d7
5.Ng1f3 e6
6.Nf3h4 Bf5g6
7.Nh4xg6 hxg6
8.b4 a5
9.b5 Nc6a7
10.a4 Na7c8
11.Nb1d2 Nc8b6
12.Nd2f3 Ng8h6
13.h4 O-O-O
14.Bf1d3 Kb8
15.O-O Nh6f5
16.g3 Bf8e7
 { time }
0-1

[Event "Tourn. n9781"]
[Site "www.chess-mail.com"]
[Date "2018.07.16"]
[Round "1"]
[White "Conde7"]
[Black "Gvladutz"]
[WhiteElo "2860"]
[BlackElo "2550"]
[Result "1-0"]
[Round "1"]
1.a3 e5
2.c4 Ng8f6
3.Nb1c3 d5
4.cxd5 Nf6xd5
5.Ng1f3 Nb8c6
6.Qd1c2 Nd5xc3
7.dxc3 Bf8e7
8.e4 Qd8d6
9.Bc1e3 O-O
10.Bf1e2 f5
11.Be3g5 Be7xg5
12.Nf3xg5 Kh8
13.h4 Qd6g6
14.Be2c4 fxe4
15.f3 Qg6f5
16.Qc2xe4 Qf5xe4
17.Ng5xe4 Bc8f5
18.O-O-O Nc6a5
19.Bc4a2 Bf5xe4
20.fxe4 Ra8c8
21.Rh1f1 g6
22.b4 Na5c6
23.Ba2e6 Rf8xf1
24.Rd1xf1 Rc8b8
25.Kc2 a5
26.b5 Nc6d8
27.Be6c4 h5
28.Rf1d1 b6
29.Rd1d7 Rb8c8
30.Bc4d5 c6
31.bxc6 Nd8xc6
32.Rd7b7 b5
33.Rb7b6 Nc6e7
34.Rb6xb5 Ne7xd5
35.exd5 Kg7
36.Kd3 Kf6
37.Rb5xa5 Rc8b8
38.c4 Rb8b1
39.a4 Rb1d1
40.Kc3 e4
41.Ra5a6 Kf5
42.a5 g5
43.hxg5 Rd1d3
44.Kb4 Rd3d2
45.g6 Rd2xg2
46.Ra6e6 Rg2b2
47.Kc5 Rb2b7
48.a6 Rb7g7
49.Kb6 h4
50.a7 Rg7g8
51.g7 h3
52.Re6h6 e3
53.Rh6h8 e2
54.Rh8xg8 h2
55.Rg8f8 Ke4
56.a8Q { resign }
1-0

[Event "Tourn. n9786"]
[Site "www.chess-mail.com"]
[Date "2018.07.16"]
[Round "1"]
[White "Conde7"]
[Black "Gvladutz"]
[WhiteElo "2860"]
[BlackElo "2550"]
[Result "1-0"]
[Round "1"]
1.a3 e5
2.c4 Ng8f6
3.Nb1c3 d5
4.cxd5 Nf6xd5
5.Ng1f3 Nb8c6
6.Qd1c2 Bf8e7
7.e4 Nd5xc3
8.dxc3 Qd8d6
9.Bc1e3 O-O
10.Bf1e2 f5
11.Be3g5 Be7xg5
12.Nf3xg5 Kh8
13.Be2c4 Qd6f6
14.h4 fxe4
15.Bc4d5 Bc8f5
16.Bd5xe4 Bf5xe4
17.Ng5xe4 Qf6g6
18.f3 Ra8d8
19.h5 Qg6h6
20.Ra1d1 Rd8xd1
21.Kxd1 Qh6e3
22.Qc2e2 Rf8d8
23.Ne4d2 Qe3h6
24.Kc2 Qh6e6
25.g4 Qe6f7
26.h6 Qf7g6
27.Nd2e4 gxh6
28.Rh1h5 Rd8f8
29.Qe2d1 Kg8
30.Kb1 Qg6e6
31.g5 hxg5
32.Rh5xh7 Rf8f7
33.Rh7h5 Rf7g7
34.b4 Qe6c4
35.Kb2 a5
36.Rh5h2 Kf8
37.Rh2h8 Rg7g8
38.Rh8h6 axb4
39.Qd1d7 Qc4e2
40.Kb3 Nc6d4
41.cxd4 Qe2d3
42.Kxb4 Qd3xd4
43.Qd7xd4 exd4
44.Rh6h7 Rg8g7
45.Rh7xg7 Kxg7
46.Ne4c5 b6
47.Nc5e6 Kf6
48.Ne6xc7 Ke5
49.Kc4 Kf4
50.Kxd4 Kxf3
51.Nc7d5 b5
52.Nd5c3 { resign }
1-0

[Event "Tourn. n9791"]
[Site "www.chess-mail.com"]
[Date "2018.07.16"]
[Round "1"]
[White "Osopanda"]
[Black "Libiesse"]
[WhiteElo "1860"]
[BlackElo "1880"]
[Result "0-1"]
[Round "1"]
1.e4 c5
2.Ng1f3 e6
3.d4 cxd4
4.Nf3xd4 Nb8c6
5.Bc1e3 Ng8f6
6.f3 Qd8c7
7.Nb1c3 a6
8.Bf1c4 Nc6e5
9.Bc4b3 b5
10.O-O b4
11.Nc3e2 Ne5c4
12.Bb3xc4 Qc7xc4
13.c3 Qc4c7
14.Ra1c1 d5
15.cxb4 Qc7b7
16.e5 Nf6d7
17.f4 Bf8xb4
18.a3 Bb4e7
19.b4 Nd7b6
20.Qd1d3 Nb6c4
21.Rc1xc4 dxc4
22.Qd3xc4 Bc8d7
23.Rf1c1 Ra8c8
24.Qc4d3 O-O
25.Kf2 Rc8xc1
26.Ne2xc1 Rf8c8
27.Nc1b3 Rc8d8
28.f5 Qb7d5
29.fxe6 fxe6
30.Qd3xa6 Rd8a8
31.Qa6b6 Ra8xa3
32.Nb3c5 Ra3a2
33.Kg3 Qd5xg2
34.Kf4 Be7g5
{ resign }
0-1

[Event "Tourn. n9793"]
[Site "www.chess-mail.com"]
[Date "2018.07.16"]
[Round "1"]
[White "Passaroa25"]
[Black "Cal"]
[WhiteElo "1580"]
[BlackElo "1660"]
[Result "0-1"]
[Round "1"]
1.e4 e5
2.Nb1c3 d6
3.Ng1f3 a6
4.Nc3d5 c6
5.Nd5b4 a5
6.Nb4d3 h6
7.c3 Bf8e7
8.Bf1e2 Ng8f6
9.O-O Bc8g4
10.Nf3h4 Bg4xe2
11.Qd1xe2 O-O
12.f3 Nf6h5
13.g4 b5
14.Nh4f5 Nh5f6
15.Nd3f2 d5
16.d4 exd4
17.Nf5xd4 dxe4
18.Nf2xe4 c5
19.Nd4xb5 Nb8c6
20.a4 Nf6d5
21.Bc1d2 f5
22.Ne4f2 Qd8d7
23.c4 Nd5b6
24.Bd2c3 fxg4
25.Nf2xg4 Rf8f5
26.Ng4e3 Qd7e6
27.Nb5c7 Qe6g6
28.Qe2g2 Rf5g5
29.Ne3g4 Be7d6
30.Nc7xa8 h5
31.Bc3d2 Rg5f5
32.h3 Nb6xc4
33.Bd2c3 hxg4
34.Qg2xg4 Rf5g5
35.Kg2 Nc4e3
36.Kf2 Ne3xg4
37.hxg4 Qg6c2
38.Kg1 Qc2h2

0-1

[Event "Tourn. n9844"]
[Site "www.echecsemail.com"]
[Date "2018.07.16"]
[Round "1"]
[White "Cal"]
[Black "Jjmcbride"]
[WhiteElo "1690"]
[BlackElo "1660"]
[Result "1-0"]
[Round "1"]
1.c4 c5
2.Nb1c3 e6
3.d3 d5
4.Bc1f4 Bf8d6
5.Bf4xd6 Qd8xd6
6.Ng1f3 a6
7.cxd5 exd5
8.e3 h6
9.Bf1e2 Ng8e7
10.a3 Nb8c6
11.h3 O-O
12.Qd1c2 Bc8f5
13.Ra1d1 d4
14.Nc3a2 c4
15.exd4 Bf5xd3
16.Be2xd3 cxd3
17.Rd1xd3 Ne7f5
18.O-O Nc6xd4
19.Rf1d1 Nd4xc2
20.Rd3xd6 Nf5xd6
21.Rd1xd6 f6
22.Na2c3 Rf8d8
{ time. }
1-0

[Event "Match"]
[Site "www.echecsemail.com"]
[Date "2018.07.16"]
[Round "1"]
[White "Apdash"]
[Black "Whitekknight"]
[WhiteElo "1840"]
[BlackElo "1910"]
[Result "1-0"]
[Round "1"]
1.e4 e5
2.Ng1f3 Nb8c6
3.Bf1b5 Ng8f6
4.O-O Bf8d6
5.Qd1e2 O-O
6.c3 a6
7.Bb5a4 b5
8.Ba4c2 Bc8b7
9.d4 exd4
10.cxd4 Bd6e7
11.e5 Nf6e8
12.Qe2d3 g6
13.a3 Kg7
14.Nb1c3 Rf8h8
15.d5 Nc6a7
16.b4 d6
17.e6 fxe6
18.dxe6 Rh8f8
19.Nc3e4 Bb7xe4
20.Qd3xe4 Kg8
21.Bc1h6 Rf8f5
22.g4 Rf5f6
23.Bh6g5 Rf6f8
24.Bg5xe7 Qd8xe7
25.Qe4xa8 Rf8xf3
26.Qa8xf3 Ne8g7
27.Rf1e1 { resign }
1-0

[Event "Tourn. n9867"]
[Site "www.echecsemail.com"]
[Date "2018.07.16"]
[Round "1"]
[White "Cvilhena1976"]
[Black "Alekpax"]
[WhiteElo "1859"]
[BlackElo "1859"]
[Result "0-1"]
[Round "1"]
1.e4 e5
2.Bf1c4 Ng8f6
3.d3 c6
4.Ng1f3 d5
5.exd5 cxd5
6.Bc4b5 Bc8d7
7.Bb5xd7 Nb8xd7
8.O-O Qd8c7
9.Bc1g5 Bf8d6
10.Nb1c3 a6
11.Nf3h4 g6
12.Qd1f3 Bd6e7
13.Rf1e1 O-O
14.Qf3g3 d4
15.Nh4f5 Be7d8
16.Nc3e4 Nf6h5
17.Bg5xd8 Ra8xd8
18.Nf5e7 Kg7
19.Qg3h4 f5
20.Ne7d5 Qc7a5
21.Qh4e7 Rf8f7
22.b4 Qa5xd5
23.Qe7xd8 fxe4
24.dxe4 Qd5c4
25.c3 dxc3
26.g3 Nh5f6
27.f3 Qc4xb4
28.Kg2 c2
29.Ra1c1 Qb4d2
30.Kg1 Qd2c3
31.Kg2 Nd7c5
32.Re1e2 Nf6g4
33.f4 exf4
34.Kh3 Ng4e3
35.a4 Nc5d3
36.Re2xc2 Ne3xc2
37.Rc1f1 Nc2e3
{ resign }
0-1

[Event "Match"]
[Site "www.echecsemail.com"]
[Date "2018.07.16"]
[Round "1"]
[White "Gidgud"]
[Black "Pwain"]
[WhiteElo "1809"]
[BlackElo "2560"]
[Result "0-1"]
[Round "1"]
1.e4 e6
2.d4 d5
3.Nb1c3 dxe4
4.Nc3xe4 Bc8d7
5.Ng1f3 Bd7c6
6.Bf1d3 Nb8d7
7.O-O Ng8f6
8.Qd1e2 h6
9.c4 Nf6xe4
10.Bd3xe4 Bc6xe4
11.Qe2xe4 c6
12.Bc1f4 Nd7f6
13.Qe4c2 Bf8d6
14.Nf3e5 O-O
15.Ra1d1 Nf6h5
16.Bf4e3 Qd8c7
17.Qc2e2 Bd6xe5
18.Qe2xh5 Be5f6
19.Rd1d3 Rf8d8
20.Rf1d1 Rd8d7
21.Qh5g4 Kf8
22.Be3f4 Qc7a5
23.a3 Ra8d8
24.Bf4d2 Qa5a6
25.b3 Qa6xa3
26.Bd2c1 Qa3e7
27.b4 b6
28.Bc1a3 Kg8
29.Qg4e4 Rd7c7
30.b5 Qe7e8
31.bxc6 Qe8xc6
32.Qe4xc6 Rc7xc6
33.d5 Rc6xc4
34.dxe6 Rd8xd3
35.exf7 Kxf7
36.Rd1xd3 Rc4d4
37.Rd3xd4 Bf6xd4
38.Kf1 Ke6
39.f3 Kd5
40.Ke2 Kc4
41.Kd2 a5
42.Kc2 b5
43.g4 b4
44.Ba3c1 a4
{ resign }
0-1

[Event "Match"]
[Site "www.echecsemail.com"]
[Date "2018.07.16"]
[Round "1"]
[White "Numanoid"]
[Black "Fegatux"]
[WhiteElo "2550"]
[BlackElo "2340"]
[Result "1-0"]
[Round "1"]
1.d4 d6
2.e4 Ng8f6
3.Nb1c3 c6
4.Ng1f3 Bc8g4
5.Bf1e2 e6
6.O-O d5
7.e5 Nf6d7
8.Nf3e1 Bg4xe2
9.Nc3xe2 c5
10.c3 Nb8c6
11.f4 cxd4
12.cxd4 Qd8b6
{ time. }
1-0

[Event "Tourn. n9885"]
[Site "www.echecsemail.com"]
[Date "2018.07.16"]
[Round "1"]
[White "Alekpax"]
[Black "Grischuk2789"]
[WhiteElo "2340"]
[BlackElo "2119"]
[Result "1/2-1/2"]
[Round "1"]
1.e4 e5
2.Ng1f3 Nb8c6
3.Bf1b5 a6
4.Bb5a4 Ng8f6
5.O-O Bf8e7
6.Ba4xc6 dxc6
7.Rf1e1 Nf6d7
8.d3 O-O
9.Qd1e2 b6
10.Nb1d2 a5
11.Nd2c4 Be7d6
12.Bc1g5 f6
13.Bg5e3 Rf8e8
14.Nc4xd6 cxd6
15.d4 Bc8b7
16.dxe5 fxe5
17.c4 Re8e6
18.Ra1d1 Re6g6
19.Nf3d2 c5
20.f3 a4
21.Nd2b1 Nd7b8
22.Qe2d2 Nb8c6
23.Nb1c3 Nc6d4
24.Re1f1 Qd8h4
25.Kh1 Bb7c6
26.Rd1b1 Qh4e7
27.Qd2d3 Qe7h4
{ draw }
1/2-1/2

[Event "Tourn. n9850"]
[Site "www.echecsemail.com"]
[Date "2018.07.16"]
[Round "1"]
[White "Aperturaf"]
[Black "Destructor"]
[WhiteElo "2750"]
[BlackElo "2510"]
[Result "1-0"]
[Round "1"]
1.e4 c5
2.Ng1f3 Nb8c6
3.d4 cxd4
4.Nf3xd4 Ng8f6
5.Nb1c3 e5
6.Nd4b5 d6
7.Bc1g5 a6
8.Nb5a3 b5
9.Nc3d5 Bf8e7
10.Bg5xf6 Be7xf6
11.c4 b4
12.Na3c2 a5
13.g3 O-O
14.h4 Bc8e6
15.Bf1g2 Ra8c8
16.O-O Be6xd5
17.cxd5  { time }
1-0

[Event "Match"]
[Site "www.echecsemail.com"]
[Date "2018.07.16"]
[Round "1"]
[White "Lcbunghai"]
[Black "Chapi"]
[WhiteElo "2150"]
[BlackElo "2180"]
[Result "1-0"]
[Round "1"]
1.e4 c5
2.Ng1f3 Nb8c6
3.d4 cxd4
4.Nf3xd4 g6
5.Bf1c4 Bf8g7
6.Nd4xc6 bxc6
7.O-O Ra8b8
8.c3 Ng8f6
9.Qd1e2 O-O
10.Bc1f4 d6
11.h3 Bc8b7
12.Nb1d2 Nf6h5
13.Bf4h2 Qd8b6
14.Nd2f3 Bb7c8
15.Ra1b1 Bc8e6
16.Bc4xe6 fxe6
17.Qe2c4 d5
18.exd5 exd5
19.Qc4g4 Rb8b7
20.Qg4e6 Kh8
21.Nf3e5 Bg7xe5
22.Bh2xe5 Nh5f6
23.g4 Kg7
24.g5 h5
25.gxf6 exf6
26.Be5d6 Rf8f7
27.b4 Qb6d8
28.Bd6c5 Qd8d7
29.Rb1e1 Rb7b5
30.Qe6xd7 Rf7xd7
31.Re1e6 Rd7c7
32.Rf1e1 a5
33.Re6e7 Rc7xe7
34.Re1xe7 Kh6
35.a4 Rb5b8
36.bxa5 Kg5
37.a6 Kf4
38.Re7b7 Rb8xb7
39.axb7 { resign }
1-0

[Event "Match"]
[Site "www.echecsemail.com"]
[Date "2018.07.16"]
[Round "1"]
[White "J1j6"]
[Black "Guidom"]
[WhiteElo "2180"]
[BlackElo "2160"]
[Result "0-1"]
[Round "1"]
1.c4 c5
2.Nb1c3 Nb8c6
3.e3 b6
4.g3 g6
5.Bf1g2 Bc8b7
6.Ng1f3 Bf8g7
7.O-O Ng8f6
8.d4 d6
9.d5 Nc6b8
10.Qd1c2 Nb8d7
11.b3 O-O
12.Bc1b2 a5
13.Nc3e2 h6
14.Ra1c1 Kh7
15.Nf3h4 Nf6g8
16.Ne2f4 Bg7xb2
17.Qc2xb2 Nd7e5
18.Qb2c2 Bb7c8
19.Bg2e4 f5
20.Nf4xg6 Ne5xg6
21.Nh4xf5 Bc8xf5
22.Be4xf5 Rf8f6
23.h4 Kg7
24.h5 Ng6e5
25.f4 Ne5f7
26.g4 Qd8e8
27.Bf5h7 Kh8
28.Qc2c3 Qe8f8
29.Bh7c2 Qf8g7
30.Bc2d1 Ra8f8
31.Bd1e2 e5
32.dxe6 Rf6xe6
33.Qc3d3 Rf8e8
34.Be2f3 Re6xe3
35.Qd3d1 Ng8f6
36.Kg2 Nf6xh5
37.Rf1h1 Nh5xf4
38.Kh2 Nf4e2
39.Bf3xe2 Qg7e5
40.Kg1 Re3xe2
41.Rh1h3 Qe5f4
{ resign }
0-1

[Event "Tourn. n9818"]
[Site "www.echecsemail.com"]
[Date "2018.07.16"]
[Round "1"]
[White "Fegatux"]
[Black "Bigrezi"]
[WhiteElo "2300"]
[BlackElo "2210"]
[Result "0-1"]
[Round "1"]
1.e4 e5
2.Ng1f3 Nb8c6
3.Bf1b5 a6
4.Bb5xc6 dxc6
5.O-O Bc8g4
6.h3 Bg4h5
7.d3 Bf8d6
8.c3 Ng8f6
9.Bc1g5 O-O
10.Nb1d2 h6
11.Bg5e3 Rf8e8
12.Qd1b3 b6
13.Nf3h2 Bh5e2
14.Rf1e1 Be2xd3
15.f3 a5
16.c4 Bd6b4
17.Ra1d1 c5
18.a3 a4
19.Qb3a2 Bb4a5
20.b3 axb3
21.Qa2xb3 Re8e7
22.Kh1 Re7e6
23.Re1g1 Bd3e2
24.Rd1e1 Qd8d3
25.Qb3xd3 Be2xd3
26.Re1c1 Ba5xd2
27.Be3xd2 Ra8a4
28.g4 Nf6xe4
29.Rg1e1 Ne4xd2
30.Rc1d1 Nd2xc4
31.Rd1xd3 Ra4xa3
32.Rd3d8 Kh7
33.Rd8d7 Ra3a7
34.Rd7xf7 Kg8
35.Rf7d7 Re6d6
36.Rd7xd6 cxd6
37.Kg2 b5
38.Nh2f1 b4
39.Nf1g3 b3
40.Ng3e4 Ra7a2
41.Kg3 b2
{ resign }
0-1

[Event "Tourn. n9856"]
[Site "www.echecsemail.com"]
[Date "2018.07.16"]
[Round "1"]
[White "Roma753"]
[Black "Hansen"]
[WhiteElo "1499"]
[BlackElo "1480"]
[Result "1-0"]
[Round "1"]
1.d4 b5
2.Bc1f4 d6
3.e3 a6
4.Ng1f3 f5
5.Nb1d2 Nb8c6
6.c3 e5
7.dxe5 Bc8e6
8.exd6 cxd6
9.a4 b4
10.Nd2c4 d5
11.Nc4e5 Nc6e7
12.cxb4 Qd8b6
13.Qd1d2 Ng8f6
14.b5 Nf6e4
15.Qd2d3 Ra8c8
16.bxa6 Qb6xb2
17.Qd3b5 Qb2xb5
18.axb5 Rc8c2
19.Bf1d3 Rc2xf2
20.Bd3xe4 Rf2xg2
21.a7 Kd8
22.Nf3g5 Ne7c8
23.a8Q dxe4
24.Ng5xe6 Ke7
25.Qa8xc8 g6
26.Ne5c6 Kf6
27.Bf4e5 Kf7
28.Ra1a7 Kg8
29.Ra7g7 { resign }
1-0

[Event "Match"]
[Site "www.echecsemail.com"]
[Date "2018.07.16"]
[Round "1"]
[White "J1j6"]
[Black "Aiko1603"]
[WhiteElo "1809"]
[BlackElo "2130"]
[Result "0-1"]
[Round "1"]
1.e4 c5
2.Nb1c3 Nb8c6
3.d3 g6
4.b3 Bf8g7
5.Bc1b2 Ng8f6
6.Ra1b1 O-O
7.g3 e6
8.Bf1g2 d5
9.exd5 exd5
10.Qd1f3 Bc8g4
11.Qf3f4 d4
12.Nc3e4 Qd8e7
13.h3 Bg4f5
14.Ng1e2 Nf6h5
15.Qf4f3 Nc6e5
16.Ne4f6 Nh5xf6
17.Qf3xb7 Qe7xb7
18.Bg2xb7 Ra8b8
19.Bb7g2 Ne5d7
20.g4 Bf5e6
21.O-O Bg7h6
22.c3 dxc3
23.Ne2xc3 Bh6f4
24.Nc3e2 Bf4e5
25.Bb2xe5 Nd7xe5
26.Ne2f4 Be6c8
27.Rb1c1 Bc8a6
28.Rc1xc5 Ne5xd3
29.Nf4xd3 Ba6xd3
30.Rf1d1 Bd3e4
31.Bg2xe4 Nf6xe4
32.Rc5c7 a6
33.Kg2 Ne4g5
34.Rd1d6 Ng5e6
35.Rc7a7 Ne6c5
36.Rd6c6 Rf8c8
37.Rc6f6 Rb8b7
38.Ra7xb7 Nc5xb7
39.Rf6xa6 Rc8c2
40.b4 Kf8
41.a4 Rc2b2
42.b5 Nb7c5
43.Ra6a8 Kg7
44.Kg3 Rb2b4
45.a5 Rb4xb5
46.a6 Rb5a5
47.a7 Nc5d7
48.f3 Nd7f6
49.h4 Nf6d5
50.g5 Nd5c7
51.Ra8b8 Ra5xa7
52.Rb8b4 Nc7e6
53.Kg4 h5
54.gxh6 Kxh6
55.f4 Ra7a5
56.Rb4b7 f5
57.Kg3 Ra5a3
{ resign }
0-1